000 00656nam a2200289Ia 4500
001 887
008 191123s9999 xx 000 0 und d
041 _aspa
044 _afr
245 0 _aIgnacio Zuloaga.
260 _aParis :
_bLa Semeuse,
_c1945.
300 _a36 p.
_bláminas b/n
500 _aExposición realizada en Buenos Aires en 1945
650 _aESPAÑA
650 _aEXPOSICIONES
650 _aPINTURA
650 _aZULOAGA, IGNACIO
902 _aM
903 _am
904 _am
907 _aImpreso
911 _aláminas b/n
912 _a1945
942 _cLIBRO
999 _c682
_d682
550 _aláminas b/n